| 000 | 00000nas##2200000za#4500 |
|---|---|
| 001 | 9.503344 |
| 003 | CaOODSP |
| 005 | 20200325093010 |
| 007 | cr ||||||||||| |
| 008 | 150406c1999||||xxc|| p o||||f| |0fre|d |
| 022 | |a1493-6798 |
| 040 | |aCaOODSP|bfre |
| 043 | |an-cn--- |
| 086 | 1 |aCH41-1F-PDF |
| 110 | 1 |aCanada. |bPatrimoine canadien. |
| 245 | 10|aRapport d'activités - Fonds canadien de télévision |h[ressource électronique] |
| 260 | |aToronto - Ontario : |bPatrimoine canadien |
| 310 | |aAnnuel |
| 362 | 1 |a1998/1999-- |
| 691 | 07|aTélévision|2gcpds |
| 775 | 08|tActivity report - Canadian Television Fund |w(CaOODSP)9.506949 |